Στρατηγικές των λιμενικών αρχών για την ικανοποίηση των χρηστών στα τερματικά εμπορευματοκιβωτίων : διπλωματική εργασία
Αποθηκεύτηκε σε:
| Κύριος συγγραφέας: | |
|---|---|
| Συγγραφή απο Οργανισμό/Αρχή: | |
| Άλλοι συγγραφείς: | |
| Μορφή: | Thesis Βιβλίο |
| Γλώσσα: | Greek |
| Δημοσίευση: |
2010
|
| Θέματα: | |
| Διαθέσιμο Online: | http://hdl.handle.net/11610/12917 |
| Ετικέτες: |
Προσθήκη ετικέτας
Δεν υπάρχουν, Καταχωρήστε ετικέτα πρώτοι!
|
MARC
| LEADER | 00000cam a2200000 i 4500 | ||
|---|---|---|---|
| 001 | 1/13310 | ||
| 008 | 110527s2010 gre d | ||
| 035 | |l 10110148 | ||
| 040 | |a GR-MY-UA |b gre |e aacr | ||
| 041 | 0 | |a gre | |
| 082 | 0 | |a 387.1 |2 (22) | |
| 100 | 1 | |a Λάππας, Χαράλαμπος. | |
| 245 | 1 | 0 | |a Στρατηγικές των λιμενικών αρχών για την ικανοποίηση των χρηστών στα τερματικά εμπορευματοκιβωτίων : |b διπλωματική εργασία / |c Λάππας Χαράλαμπος ; επιβλέπων: Αθανάσιος Πάλλης |
| 260 | |c 2010 | ||
| 300 | |a 39 σ.; |c 30 εκ. | ||
| 500 | |a Διευθύντρια σπουδών: Αμαλία Πολυδωροπούλου | ||
| 502 | # | # | |a Διατριβή (μεταπτυχιακή) – Πανεπιστήμιο Αιγαίου, Χίος, 2010. |
| 504 | |a Περιλαμβάνει βιβλιογραφία | ||
| 650 | 0 | 0 | |a Cargo handling. |
| 650 | 0 | 0 | |a Harbors. |
| 650 | 0 | 0 | |a Marine terminals. |
| 650 | 0 | 0 | |a Container terminals. |
| 650 | 0 | 0 | |a Consumer satisfaction. |
| 650 | 0 | 0 | |a Dissertations, Academic |z Greece. |
| 700 | 1 | |4 ths |a Πάλλης, Αθανάσιος Α. | |
| 710 | 1 | |a Πανεπιστήμιο Αιγαίου |b Σχολή Επιστημών της Διοίκησης |b Τμήμα Ναυτιλίας και Επιχειρηματικών Υπηρεσιών |b Πρόγραμμα Μεταπτυχιακών Σπουδών "Ναυτιλία, Μεταφορές και Διεθνές Εμπόριο - ΝΑ.Μ.Ε.". | |
| 852 | |a INST |b CHIOS |c DIATR |e 20110527 |h 387.1 ΛΑΠ |p 005200032213 |q 005200032213 |t MTXE |y 23 | ||
| 852 | |a INST |b CHIOS |c DIATR |e 20110527 |h 387.1 ΛΑΠ |p 005200032214 |q 005200032214 |t MTXE |y 23 | ||
| 856 | |u http://hdl.handle.net/11610/12917 | ||
| 901 | |a BIBL2-2011-2 | ||
| 909 | |a Χ |b 149341 | ||
| 909 | |a Χ |b 149342 | ||
| 924 | |a ΛΑΠΠΑΣ |b ΧΑΡΑΛΑΜΠΟΣ |y ΧΙΟΣ |z 2010-11 | ||
| 970 | |a ΠΑΡΟΙΚΑΚΗ |b ΒΑΣΙΛΙΚΗ |z 2011/05/26 | ||